Glossaire des termes médicaux (Запись № 11644019)
[ простой вид ]
| 000 -МАРКЕР | |
|---|---|
| контрольное поле | 01681nam1a2200313 i 4500 |
| 001 - ИДЕНТИФИКАТОР ЗАПИСИ | |
| контрольное поле | RU\NLR\BIBL_A\011754293 |
| 005 - ИДЕНТИФИКАТОР ВЕРСИИ | |
| контрольное поле | 20260408114310.0 |
| 035 ## - ДРУГИЕ СИСТЕМНЫЕ НОМЕРА | |
| Идентификатор записи | (NLR Aleph) 011754293 |
| 100 ## - ДАННЫЕ ОБЩЕЙ ОБРАБОТКИ | |
| Данные общей обработки | 20141128g20149999km y0rusy50 ba |
| 101 0# - ЯЗЫК РЕСУРСА | |
| Язык текста, звукозаписи и т.д. | французский |
| 102 ## - СТРАНА ПУБЛИКАЦИИ ИЛИ ПРОИЗВОДСТВА | |
| Страна публикации | российская федерация |
| 105 ## - ПОЛЕ КОДИРОВАННЫХ ДАННЫХ: ТЕКСТОВЫЕ МАТЕРИАЛЫ, МОНОГРАФИЧЕСКИЕ | |
| Кодированные данные о монографическом текстовом документе | ||||j ||||| |
| 200 1# - ЗАГЛАВИЕ И СВЕДЕНИЯ ОБ ОТВЕТСТВЕННОСТИ | |
| Основное заглавие | Glossaire des termes médicaux |
| Параллельное заглавие | Глоссарий медицинских терминов |
| Сведения, относящиеся к заглавию | matériel enseignement pour les étudiants de spécialisation 060101.65.31.05.01 "Médecine générale" |
| -- | en trois parties |
| Первые сведения об ответственности | Le Ministére de l'instruction et de la science de la Fédération de Russie, L'Établissement d'instruction d'état de l'enseignement supérieur professionnel L'Université d'état Derjavine de Tambov |
| Последующие сведения об ответственности | [Denissova Ju. M. et al. |
| -- | sous la direction: L. A. Panassenko, O. G. Lasskaya] |
| Язык параллельного заглавия | русский |
| 210 ## - ПУБЛИКАЦИЯ, РАСПРОСТРАНЕНИЕ И ДР. | |
| Место издания, распространения и т.д. | Tambov |
| Имя издателя, распространителя и т. д. | Изд-во ТГУ |
| Дата издания, распространения и т.д. | 2014 |
| 215 ## - ФИЗИЧЕСКАЯ ХАРАКТЕРИСТИКА | |
| Размеры | 21 |
| 510 1# - ПАРАЛЛЕЛЬНОЕ ЗАГЛАВИЕ | |
| Параллельное заглавие | Глоссарий медицинских терминов |
| Язык заглавия | русский |
| 606 1# - НАИМЕНОВАНИЕ ТЕМЫ КАК ПРЕДМЕТ | |
| Наименование темы | Французский язык |
| Тематический подзаголовок | Терминология медицинская |
| -- | Словари |
| -- | Русский язык |
| Системный номер авторитетной/нормативной записи | 1886855 |
| Идентификатор авторитетной/нормативной записи | RU\NLR\AUTH\661148167 |
| 686 1# - ИНДЕКСЫ ДРУГИХ КЛАССИФИКАЦИЙ | |
| Индекс | Ш147.11-491терм |
| 686 1# - ИНДЕКСЫ ДРУГИХ КЛАССИФИКАЦИЙ | |
| Индекс | Р.в3я73 |
| 702 #1 - ИМЯ ЛИЦА - ВТОРИЧНАЯ ОТВЕТСТВЕННОСТЬ | |
| Код отношения | Составитель |
| Графика поля | Латинская |
| Материалы, к которым относится поле | eng |
| Начальный элемент ввода | Denisova |
| Часть имени, кроме начального элемента ввода | J. M. |
| Дополнения к именам, кроме дат | филолог |
| Системный номер авторитетной/нормативной записи | 192527 |
| Идентификатор авторитетной/нормативной записи | RU\NLR\AUTH\770192578 |
| 702 #1 - ИМЯ ЛИЦА - ВТОРИЧНАЯ ОТВЕТСТВЕННОСТЬ | |
| Код отношения | Редактор |
| Материалы, к которым относится поле | rus |
| Графика поля | Латинская |
| Начальный элемент ввода | Panasenko |
| Часть имени, кроме начального элемента ввода | L. A. |
| Даты | 1974- |
| Расширение инициалов личного имени | Ljudmila Aleksandrovna |
| Идентификатор авторитетной/нормативной записи | RU\NLR\AUTH\7756182 |
| Системный номер авторитетной/нормативной записи | 39114 |
| 712 02 - НАИМЕНОВАНИЕ ОРГАНИЗАЦИИ - ВТОРИЧНАЯ ОТВЕТСТВЕННОСТЬ | |
| Код отношения | Прочие |
| Материалы, к которым относится поле | fre |
| Начальный элемент ввода | Université d'état G. R. Derjavine |
| Идентифицирующий признак | Tambov |
| Графика поля | Латинская |
| Идентификатор авторитетной/нормативной записи | RU\NLR\AUTH\880369825 |
| Системный номер авторитетной/нормативной записи | 406248 |
| 852 ## - МЕСТОНАХОЖДЕНИЕ И ШИФР ХРАНЕНИЯ | |
| Идентификатор организации | NLR |
| Шифр хранения (Call Number) | СИк 2014-2/34 |
| 942 ## - ДОПОЛНИТЕЛЬНЫЕ ЭЛЕМЕНТЫ ЗАПИСИ (АБИС) | |
| Тип экземпляра АБИС | Книга |
Нет доступных экземпляров.